Техническая термодинамика. Ч. 1: учебное пособие

Библиографические подробности
Автор-организация: Ленинградская военная инженерная Краснознаменная академия им. А. Ф. Можайского (ЛВИКА)
Другие авторы: Баграмов С. Е., Зверев И. И., Фролов Д. И., Черняк Н. В., Чиковани В. В., Чистихин В. А.
Примечания:Исключено из фонда НТБ ТПУ
Язык:русский
Опубликовано: Ленинград, Изд-во ЛВИКА, 1966
Формат: Книга
Запись в KOHA:https://koha.lib.tpu.ru/cgi-bin/koha/opac-detail.pl?biblionumber=294411

MARC

LEADER 00000nam0a2200000 4500
001 294411
005 20231101001900.0
035 |a (RuTPU)RU\TPU\book\319470 
090 |a 294411 
100 |a 20150513d1966 m y0rusy50 ca 
101 0 |a rus 
102 |a RU 
105 |a a j 001zy 
200 1 |a Техническая термодинамика. Ч. 1  |e учебное пособие  |f С. Е. Баграмов [и др.]  |g Ленинградская военная инженерная Краснознаменная академия им. А. Ф. Можайского (ЛВИКА) 
210 |a Ленинград  |c Изд-во ЛВИКА  |d 1966 
215 |a 291 с.  |c ил. 
333 |a Исключено из фонда НТБ ТПУ 
701 1 |a Баграмов  |b С. Е. 
701 1 |a Зверев  |b И. И. 
701 1 |a Фролов  |b Д. И. 
701 1 |a Черняк  |b Н. В. 
701 1 |a Чиковани  |b В. В. 
701 1 |a Чистихин  |b В. А. 
712 0 2 |a Ленинградская военная инженерная Краснознаменная академия им. А. Ф. Можайского (ЛВИКА) 
801 1 |a RU  |b 63413507  |c 20150513 
801 2 |a RU  |b 63413507  |c 20220610  |g RCR 
942 |c BK